Nonlinear wave effects of curvature solitons in surface layers of high-purity aluminum polycrystals under severe plastic deformation. I. Experiment; Physical mesomechanics; Vol. 11, iss. 1-2, Jan.-Apr.
| Parent link: | Physical mesomechanics Vol. 11, iss. 1-2, Jan.-Apr..— 2008.— P. 63-72 |
|---|---|
| Άλλοι συγγραφείς: | , , , , |
| Περίληψη: | The mechanisms of severe plastic deformation are experimentally studied under alternating bending of high-purity aluminum polycrystalline foil attached to an elastically deformed flat specimen of commercial aluminum or titanium. New nonlinear wave processes associated with curvature solitons in surface layers of highly deformed metallic materials are revealed. We underline that it is necessary to account for the found regularities of severe plastic deformation in describing the behavior of solids under extreme loading conditions, of nanostructured materials, thin films and coatings. В фонде НТБ ТПУ отсутствует |
| Γλώσσα: | Αγγλικά |
| Έκδοση: |
2008
|
| Θέματα: | |
| Μορφή: | MixedMaterials Κεφάλαιο βιβλίου |
| KOHA link: | https://koha.lib.tpu.ru/cgi-bin/koha/opac-detail.pl?biblionumber=597605 |
MARC
| LEADER | 00000naa0a2200000 4500 | ||
|---|---|---|---|
| 001 | 597605 | ||
| 005 | 20250207163349.0 | ||
| 035 | |a (RuTPU)RU\TPU\tpu\20920 | ||
| 035 | |a RU\TPU\tpu\20919 | ||
| 090 | |a 597605 | ||
| 100 | |a 20120323d2008 k||y0rusy50 ba | ||
| 101 | 0 | |a eng | |
| 102 | |a RU | ||
| 200 | 1 | |a Nonlinear wave effects of curvature solitons in surface layers of high-purity aluminum polycrystals under severe plastic deformation. I. Experiment |f V. E. Panin [et al.] | |
| 330 | |a The mechanisms of severe plastic deformation are experimentally studied under alternating bending of high-purity aluminum polycrystalline foil attached to an elastically deformed flat specimen of commercial aluminum or titanium. New nonlinear wave processes associated with curvature solitons in surface layers of highly deformed metallic materials are revealed. We underline that it is necessary to account for the found regularities of severe plastic deformation in describing the behavior of solids under extreme loading conditions, of nanostructured materials, thin films and coatings. | ||
| 333 | |a В фонде НТБ ТПУ отсутствует | ||
| 461 | |t Physical mesomechanics | ||
| 463 | |t Vol. 11, iss. 1-2, Jan.-Apr. |v P. 63-72 |d 2008 | ||
| 610 | 1 | |a труды учёных ТПУ | |
| 701 | 1 | |a Panin |b V. E. |c Director of Russian materials science center |c Research advisor of Institute of strength physics and materials science of Siberian branch of Russian Academy of Sciences |f 1930- |g Viktor Evgenyevich |3 (RuTPU)RU\TPU\pers\26443 | |
| 701 | 1 | |a Elsukova |b T. F. | |
| 701 | 1 | |a Egorushkin |b V. E. | |
| 701 | 1 | |a Vaulina |b O. Yu. | |
| 701 | 1 | |a Pochivalov |b Yu. I. | |
| 801 | 1 | |a RU |b 63413507 |c 20120323 | |
| 801 | 2 | |a RU |b 63413507 |c 20120424 |g RCR | |
| 942 | |c CR | ||